书目信息 |
| 题名: |
应用数学基础
|
|
| 作者: | 王新华 编著 | |
| 分册: | ||
| 出版信息: | 北京 清华大学出版社 2010.09 |
|
| 页数: | 326页 | |
| 开本: | 26cm | |
| 丛书名: | 公共基础课系列 | |
| 单 册: | ||
| 中图分类: | O29 | |
| 科图分类: | ||
| 主题词: | 应用数学--ying yong shu xue--高等学校--技术学校--教材 | |
| 电子资源: | ||
| ISBN: | 978-7-302-23318-3 | |
| 000 | 01101nam 2200301 450 | |
| 001 | B00000091097 | |
| 005 | 20110714160011.14 | |
| 010 | @a978-7-302-23318-3@dCNY34.00 | |
| 100 | @a20101201d2010 km y0chiy50 ea | |
| 101 | 0 | @achi |
| 102 | @aCN@b110000 | |
| 105 | @aak a 000yy | |
| 106 | @ar | |
| 200 | 1 | @a应用数学基础@Aying yong shu xue ji chu@f王新华编著 |
| 210 | @a北京@c清华大学出版社@d2010.09 | |
| 215 | @a326页@c图@d26cm | |
| 225 | 2 | @a公共基础课系列@Agong gong ji chu ke xi lie |
| 300 | @a国家示范性高职院校建设项目成果 | |
| 320 | @a有书目 | |
| 330 | @a全书共分12章,内容有概论,函数、极限和导数,微分运算法则,导数的应用,积分,常用积分方法,微分方程,微元法的应用,多元微积分,矩阵的应用与建模,线性规划模型和概率统计。 | |
| 333 | @a本书是一本具有先进理念的高职高专工科教材,也可作为非重点应用性本科院校工科专业的特色教材或教学参考书。 | |
| 410 | 0 | @12001 @a公共基础课系列 |
| 586 | @a | |
| 606 | 0 | @a应用数学@Aying yong shu xue@x高等学校@x技术学校@j教材 |
| 690 | @aO29@v5 | |
| 701 | 0 | @a王新华@Awang xin hua@4编著 |
| 801 | 0 | @aCN@c20110610 |
| 905 | @dO29@eW390@f3 | |
| 应用数学基础/王新华编著.-北京:清华大学出版社,2010.09 |
| 326页:图;26cm.-(公共基础课系列) |
| 国家示范性高职院校建设项目成果.-使用对象:本书是一本具有先进理念的高职高专工科教材,也可作为非重点应用性本科院校工科专业的特色教材或教学参考书。 |
| ISBN 978-7-302-23318-3:CNY34.00 |
| 全书共分12章,内容有概论,函数、极限和导数,微分运算法则,导数的应用,积分,常用积分方法,微分方程,微元法的应用,多元微积分,矩阵的应用与建模,线性规划模型和概率统计。 |
| ● |
| 相关链接 |
|
|
|
正题名:应用数学基础
索取号:O29/W390
 
预约/预借
| 序号 | 登录号 | 条形码 | 馆藏地/架位号 | 状态 | 备注 |
| 1 | 883884 | 208838846 | 自科库401/401自科库 50排4列2层/ [索取号:O29/W390] | 在馆 | |
| 2 | 883885 | 208838855 | 自科库401/401自科库 50排4列2层/ [索取号:O29/W390] | 在馆 | |
| 3 | 883886 | 208838864 | 自科库401/401自科库 50排4列2层/ [索取号:O29/W390] | 在馆 |